000 00477nmm a2200181Ia 4500
008 251105s9999||||xx |||||||||||||||||und||
041 _aspa
100 _aLeroy, Chrystelle
245 0 _aScheherazade
264 _a[Madrid, España] :
_bSaga Egmont,
_c2020
300 _a22 páginas
490 _aLUST
650 _aErotic novel
700 _aLeroy, Chrystelle
700 1 _a Nuñez, Cymbeline
856 _uhttps://public.digitaliapublishing.com/a/99693
942 _cCF
999 _c67809
_d67809